banner koha

Do vitamins affect the morphophysiology of lettuce in a hydroponic system? (Registro n. 337350)

MARC details
000 -LÍDER
fixed length control field 04218nab a2200361 i 4500
003 - CÓDIGO MARC DA AGÊNCIA CATALOGADORA
Campo de controle BR-BrBNA
005 - DATA E HORA DA ÚLTIMA ATUALIZAÇÃO
Campo de controle 20250729115952.0
008 - CAMPO DE TAMANHO FIXO
fixed length control field 250729b2023 bl.mr|pooa||| 00| 0 eng |
040 ## - FONTE DA CATALOGAÇÃO
Agência catalogadora BR-BrBNA
Idioma da catalogação eng
072 ## - CATEGORIA AGRIS
Código AGRIS F01
Código do objeto 1660
072 ## - CATEGORIA AGRIS
Código AGRIS F61
100 ## - ENTRADA PRINCIPAL - NOME PESSOAL
Nome pessoal Vendruscolo, Eduardo P.
100 ## - ENTRADA PRINCIPAL - NOME PESSOAL
Nome pessoal Seron, Cássio de C.
100 ## - ENTRADA PRINCIPAL - NOME PESSOAL
Nome pessoal Leonel, Eduardo A. S.
100 ## - ENTRADA PRINCIPAL - NOME PESSOAL
Nome pessoal Lima, Sebastião F. de
100 ## - ENTRADA PRINCIPAL - NOME PESSOAL
Nome pessoal Araujo, Suleiman L.
100 ## - ENTRADA PRINCIPAL - NOME PESSOAL
Nome pessoal Martins, Murilo B.
100 ## - ENTRADA PRINCIPAL - NOME PESSOAL
Nome pessoal Sant’ Ana, Gabriela R.
100 ## - ENTRADA PRINCIPAL - NOME PESSOAL
Nome pessoal Oliveira, Janaina J. de
245 ## - TÍTULO PRINCIPAL
Título principal Do vitamins affect the morphophysiology of lettuce in a hydroponic system?
500 ## - NOTA GERAL
Nota geral Publicação on-line; 21 ref.; 3 illus; 2 tables; Sumaries (En, Pt)
942 ## - ADDED ENTRY ELEMENTS (KOHA)
Koha item type Analítica
520 ## - NOTA DE RESUMO
Nota de conteúdo <br/><br/>ABSTRACT: Technologies once applied exclusively in conventional systems have maximized gains in hydroponic systems; however, they still need information for proper use. Thus, the study aimed to evaluate the effect of foliar application of thiamine and niacin on growth and gas exchange activities in two lettuce cultivars in an ebb and flow hydroponic system. The completely randomized design (CRD) was used with four treatments and eight replications. The treatments were as follows: T1 - control, T2 - thiamine at a concentration of 200 mg L-1, T3 - niacin at 200 mg L-1, and T4 - thiamine and niacin combined at 100 mg L-1 of each vitamin. Each experimental plot consisted of a lettuce plant. The combined application of thiamine and niacin stood out, increasing the activity of gas exchange of lettuce plants and increasing by about 30% the fresh mass, concerning the control, for both cultivars, followed by the isolated application of niacin. For thiamine, the application alone did not result in significant changes. The vitamins affect the morphophysiology of lettuce, where the use of niacin has the potential for use in hydroponic production systems. Its combined use with thiamine increases this potential, with a synergistic effect between the compounds being verified.<br/><br/>Key words: Lactuca sativa L., biostimulant, gas exchange, soilless cultivation
520 ## - NOTA DE RESUMO
Nota de conteúdo <br/><br/>RESUMO: Tecnologias outrora aplicadas exclusivamente em sistemas convencionais, têm maximizado os ganhos em sistemas hidropônicos, porém, necessitando ainda de informações para uma adequada utilização. Assim, o estudo teve como objetivo avaliar o efeito da aplicação foliar de tiamina e niacina sobre o crescimento e atividades de troca gasosa em duas cultivares de alface em sistema hidropônico de fluxo e refluxo. O delineamento experimental utilizado foi o inteiramente casualizado (DIC), com quatro tratamentos e oito repetições. Os tratamentos foram: T1 - controle; T2 - tiamina em concentração de 200 mg L-1; T3 - niacina em concentração de 200 mg L-1; T4 - tiamina e niacina combinadas, em concentração de 100 mg L-1 de cada vitamina. Cada parcela experimental foi constituída por um vaso, contendo uma muda de alface. A aplicação conjunta de tiamina e niacina elevou as trocas gasosas das plantas de alface, aumentando em cerca de 30% a massa fresca, em relação ao controle, para ambas as cultivares, seguida pela aplicação isolada de niacina. Para a tiamina, a aplicação de forma isolada não resultou em alterações significativas. As vitaminas afetam a morfofisiologia da alface, onde o uso da niacina tem potencial para uso em sistemas de produção hidropônicos, sendo esse potencial aumentado pelo seu uso conjunto com a tiamina, verificando-se um efeito sinérgico entre os compostos.<br/><br/>Palavras-chave: Lactuca sativa L., bioestimulante, trocas gasosas, cultivo sem solo
650 ## - ASSUNTO - THESAGRO
Cabeçalho tópico ou nome geográfico ALFACE
650 ## - ASSUNTO - THESAGRO
Cabeçalho tópico ou nome geográfico REGULADOR DE CRESCIMENTO
650 ## - ASSUNTO - THESAGRO
Cabeçalho tópico ou nome geográfico CULTIVO HIDROPÔNICO
650 ## - ASSUNTO - THESAGRO
Cabeçalho tópico ou nome geográfico TROCA GASOSA
650 ## - ASSUNTO - THESAGRO
Cabeçalho tópico ou nome geográfico FISIOLOGIA VEGETAL
773 0# - ENTRADA ANALÍTICA
Host Biblionumber 3534
Registro do item 317837
Imprenta Campina Grande-PB Universidade Federal de Campina Grande. Centro de Ciências e Tecnologia 1997
Outro identificador 2024-4556
Título Revista Brasileira de Engenharia Agrícola e Ambiental (Brazil)
ISSN 1415-4366
Colação v. 27 (9) p. 698-703; (2023)
Número de controle de registro BR2025003449
856 ## - ACESSO E ENDEREÇO ELETRÔNICO
Identificador uniforme de recurso - URI https://www.scielo.br/j/rbeaa/a/GYQL6Yhc35zRpSgFVFJrQPG/?format=pdf&lang=en

Nenhum exemplar disponível.

BINAGRI

Telefone: (61)3218-2567/2388/3357/2097 - binagri@agro.gov.br

Ministério da Agricultura e Pecuária , Esplanada dos Ministérios, Bloco D, Anexo B, Brasília/DF, CEP: 70.043-900